FIFA World Cup 2026 - Senegal Squad - Statistics

General Stats
  • This quiz has been taken 7 times
  • The average score is 20 of 27
Answer Stats
Team # Position Club/Country Player % Correct
Senegal 24 CB OGC Nice Antoine Mendy
100%
Senegal 16 GK Al-Ahli SFC Edouard Mendy
100%
Senegal 5 DM Everton FC Idrissa Gueye
100%
Senegal 18 RW Crystal Palace Ismaïla Sarr
100%
Senegal 2 CB Chelsea FC Mamadou Sarr
100%
Senegal 11 ST Bayern Munich Nicolas Jackson
100%
Senegal 26 CM Villareal CF Pape Gueye
100%
Senegal 17 CM Tottenham Hotspur Pape Matar Sarr
100%
Senegal 10 LW Al-Nassr FC Sadio Mané
100%
Senegal 7 LW Como 1907 Assane Diao
83%
Senegal 22 CM Bayern Munich Bara Sapoko Ndiaye
83%
Senegal 12 ST Samsunspor Cherif Ndiaye
83%
Senegal 13 RW Everton FC Iliman Ndiaye
83%
Senegal 3 CB Al-Hilal SC Kalidou Koulibaly
83%
Senegal 6 CM Rayo Vallecano Pathé Ciss
83%
Senegal 25 LB West Ham United El Hadji Malick Diouf
67%
Senegal 20 RW Paris Saint-Germain Ibrahim Mbaye
67%
Senegal 15 RM AS Monaco Krépin Diatta
67%
Senegal 19 CB Olympique Lyon Moussa Niakhaté
67%
Senegal 1 GK OGC Nice Yehvann Diouf
67%
Senegal 9 ST FC Lorient Bamba Dieng
50%
Senegal 21 CM Sunderland AFC Habib Diarra
50%
Senegal 14 LB Galatasaray Ismail Jakobs
50%
Senegal 8 CM AS Monaco Lamine Camara
50%
Senegal 4 CB Maccabi Haifa Abdoulaye Seck
33%
Senegal 23 GK Le Havre AC Mory Diaw
33%
Senegal Manager Senegal Pape Thiaw
0%
No matching quizzes found
Score Distribution
Percent of People with Each Score
Percentile by Number Answered
Your Score History
You have not taken this quiz